Diccionario griego-español. (Record no. 96162)
[ view plain ]
| 000 -LEADER | |
|---|---|
| campo de control de longitud fija | 01434cam a2200397Ka 4500 |
| 001 - NÚMERO DE CONTROL | |
| campo de control | 59180 |
| 005 - FECHA Y HORA DE LA ÚLTIMA TRANSACCIÓN | |
| campo de control | 20230410143125.0 |
| 008 - DATOS DE LONGITUD FIJA--INFORMACIÓN GENERAL | |
| campo de control de longitud fija | 970411r19891980sp bd 000 0 spa d |
| 035 ## - NÚMERO DE CONTROL DEL SISTEMA | |
| Número de control de sistema | (OCoLC)ocm36722015 |
| 040 ## - FUENTE DE CATALOGACIÓN | |
| Centro catalogador/agencia de origen | FIL |
| Lengua de catalogación | fre |
| Centro/agencia transcriptor | FIL |
| Centro/agencia modificador | PL# |
| -- | RBN |
| 020 ## - NÚMERO INTERNACIONAL ESTÁNDAR DEL LIBRO | |
| Número Internacional Estándar del Libro | 8400046528 |
| 020 ## - NÚMERO INTERNACIONAL ESTÁNDAR DEL LIBRO | |
| Número Internacional Estándar del Libro | 9788400046521 |
| 035 ## - NÚMERO DE CONTROL DEL SISTEMA | |
| Número de control de sistema | (OCoLC)36722015 |
| 041 0# - CÓDIGO DE IDIOMA | |
| Código de lengua del texto/banda sonora o título independiente | grcspa |
| 092 ## - ASIGNACIÓN LOCAL DE SIGNATURA TOPOGRÁFICA DEWEY (OCLC) | |
| Número de clasificación | 483 |
| Sufijo de archivo | DIC |
| 050 14 - SIGNATURA TOPOGRÁFICA DE LA BIBLIOTECA DEL CONGRESO | |
| Número de clasificación | bD545 1989 |
| 049 ## - FONDOS LOCALES (OCLC) | |
| Biblioteca depositaria | GRAL |
| 245 00 - MENCIÓN DEL TÍTULO | |
| Título | Diccionario griego-español. |
| Número de parte o sección de la obra | Vol. I, |
| Nombre de parte o sección de la obra | A-Allá / |
| Mención de responsabilidad, etc. | redactado bajo la dirección de Francisco R. Adrados por Elvira Gangutia-- [et al.]. |
| 246 18 - FORMA VARIANTE DEL TITULO | |
| Título propio/Titulo breve | DGE |
| 260 ## - PUBLICACIÓN, DISTRIBUCIÓN, ETC. | |
| Lugar de publicación, distribución, etc. | Madrid : |
| Nombre del editor, distribuidor, etc. | Consejo Superior de Investigaciones Científicas, Instituto de filología , |
| Fecha de publicación, distribución, etc. | 1989. |
| 300 ## - DESCRIPCIÓN FÍSICA | |
| Extensión | cxl, [266] p. ; |
| Dimensiones | 28 cm. |
| 500 ## - NOTA GENERAL | |
| Nota general | Titre du dos : DGE. |
| 500 ## - NOTA GENERAL | |
| Nota general | Primera reimpresion, hecha sobre la 1a edición de A. G. Grijelmo, de 1980. |
| 504 ## - NOTA DE BIBLIOGRAFÍA, ETC. | |
| Nota de bibliografía, etc. | Notes bibliogr. |
| 546 ## - NOTA DE IDIOMA | |
| Nota de lengua/lenguaje | Grec et espagnol. |
| 505 1# - NOTA DE CONTENIDO CON FORMATO | |
| Nota de contenido con formato | t. 1. A - alla -- t. 2. Alla - apokoinåonåetos. |
| 650 #7 - PUNTO DE ACCESO ADICIONAL DE MATERIA--TÉRMINO DE MATERIA | |
| Término de materia o nombre geográfico como elemento de entrada | Grec (langue) |
| Subdivisión general | Dictionnaires espagnols. |
| Fuente del encabezamiento o término | ram |
| 653 ## - TÉRMINO DE INDIZACIÓN--NO CONTROLADO | |
| Término no controlado | Griego |
| -- | Diccionarios políglotas |
| -- | Español. |
| 653 ## - TÉRMINO DE INDIZACIÓN--NO CONTROLADO | |
| Término no controlado | Español |
| -- | Diccionarios políglotas |
| -- | Griego. |
| 700 1# - ENTRADA AGREGADA--NOMBRE PERSONAL | |
| Nombre de persona | Adrados, F. R. |
| Forma completa/desarrollada del nombre | (Francisco Rodríguez), |
| Fechas asociadas al nombre | 1922-, |
| Término indicativo de función/relación | dir. |
| 700 1# - ENTRADA AGREGADA--NOMBRE PERSONAL | |
| Nombre de persona | Gangutia Elícegui, Elvira, |
| Fechas asociadas al nombre | 1937-, |
| Término indicativo de función/relación | réd. |
| 938 ## - | |
| -- | Puvill Libros |
| -- | PUVL |
| -- | 8400046528 |
| -- | $30.24 |
| 942 ## - ELEMENTOS DE ENTRADA SECUNDARIOS (KOHA) | |
| Fuente del sistema de clasificación o colocación | Clasificación de Library of Congress |
| Tipo de ítem Koha | |
| 946 ## - PROCESAMIENTO DE INFORMACIÓN LOCAL (OCLC) | |
| a | mjcruz |
| 994 ## - | |
| -- | C0 |
| -- | DRFGD |
| Estatus retirado | Estado de pérdida | Fuente del sistema de clasificación o colocación | Estado de daño | No para préstamo | Colección | Biblioteca de origen | Biblioteca actual | Ubicación en estantería | Fecha de adquisición | Signatura topográfica completa | Código de barras | Visto por última vez | Copia número | Tipo de ítem Koha |
|---|---|---|---|---|---|---|---|---|---|---|---|---|---|---|
| Clasificación de Library of Congress | Automatización y Procesos Técnicos | Biblioteca Juan Bosch | Biblioteca Juan Bosch | Automatización y Procesos Técnicos (1er. Piso) | 10/04/2023 | D545 1989 | 00000060256 | 21/01/2019 | 1 |
